| 000 | 00603nam a2200217Ia 4500 | ||
|---|---|---|---|
| 005 | 20250508162125.0 | ||
| 008 | 008 250505s9999 xx 000 0 eng d | ||
| 020 | _a0-13-891358-7 | ||
| 037 | _aTextual | ||
| 040 |
_aFEDL _beng _cFEDL |
||
| 041 |
_aeng _2eng |
||
| 084 |
_a371, GER _qFEDL |
||
| 100 | _aGerlach Vernon S | ||
| 245 | 0 | _aTeaching and media : A systematic approach | |
| 250 | _a2nd | ||
| 260 |
_aEnglewood Cliffs _b Prentice-Hall _c1980 |
||
| 300 | _ax,420p. | ||
| 700 |
_a Ely Donald P Melnick Rob _9772362 |
||
| 942 |
_cTEXL _h371, GER |
||
| 999 |
_c1374519 _d1374519 |
||